000 01318nam2a22002531 4500
001 v19\rc\1312182
005 20260407174717.0
035 _a(NLR Aleph) 005207704
090 _a5376027
_c5376027
100 _a20060512d1910 |||y0rusy50 ca
101 0 _arus
102 _aRU
105 _ay z |||||
200 1 _aОбъяснительная записка по вопросу о развитии станции Варшава-Ковельская Привислинских жел. дорог
210 _d[1910]
_aБ. м.
215 _a5, 21 с.
461 0 _1001v19\rc\1312135
_12001#$aСмета доходов и расходов Управления железных дорог...$fМ-во путей сообщения$v... на 1911 год
_95375551
_aРоссия. Управление железных дорог
_cС.-Петербург
_d1899-1916
_fМ-во путей сообщения
_tСмета доходов и расходов Управления железных дорог...
_v... на 1911 год
712 0 2 _4570
_aПривислинские железные дороги
_3RU\NLR\AUTH\8810112236
_9724206
801 0 _aRU
_bNLR
_c20060512
_gpsbo
801 1 _aRU
_bProSoft-M
_c20060512
_2rusmarc
801 2 _aRU
_bNLR
_c20110621
_2rusmarc
852 _aNLR
_j18.132.1.419
942 _cBOOK
980 _aNB